| 000 -LEADER |
| fixed length control field |
01724nam a2200169 4500 |
| 008 - FIXED-LENGTH DATA ELEMENTS--GENERAL INFORMATION |
| fixed length control field |
190725b ||||| |||| 00| 0 eng d |
| 100 ## - MAIN ENTRY--PERSONAL NAME |
| Personal name |
Tenzin, Ugyen |
| 245 ## - TITLE STATEMENT |
| Title |
The nexus among economic growth, inflation and unemployment in Bhutan |
| 260 ## - PUBLICATION, DISTRIBUTION, ETC. (IMPRINT) |
| Date of publication, distribution, etc |
2019 |
| 300 ## - PHYSICAL DESCRIPTION |
| Extent |
p.94-105. |
| 520 ## - SUMMARY, ETC. |
| Summary, etc |
In order to understand the dynamics of unemployment in Bhutan at a macro-level, this study has explored the association among economic growth, inflation and unemployment from 1998 to 2016. The autoregressive distributed lag (ARDL) model was applied to estimate the impact of economic growth and inflation on unemployment. The results of this empirical analysis suggest that economic growth had no impact on the reduction of unemployment rate in Bhutan both in the short and in the long run. In fact, as the economic growth increased, so did the unemployment rate. However, inflation had a negative association with unemployment rate in the short run and a positive association in the long run. In other words, an increase in the employment rate led to an increase in the inflation in the short run. Likewise, if inflation is not monitored or controlled, the uncertainty of inflation can lead to lower investment and lower economic growth, thereby causing unemployment to rise in the long run. This study, therefore, recommends policymakers to take into account the employment elasticity with respect to economic output and focus on sectors, which have more absorptive capacity in engaging the young labour market entrants. - Reproduced. |
| 650 ## - SUBJECT ADDED ENTRY--TOPICAL TERM |
| Topical term or geographic name as entry element |
Inflation - Bhutan |
| 9 (RLIN) |
7415 |
| 650 ## - SUBJECT ADDED ENTRY--TOPICAL TERM |
| Topical term or geographic name as entry element |
Employment - Bhutan |
| 9 (RLIN) |
7416 |
| 773 ## - HOST ITEM ENTRY |
| Main entry heading |
South Asia Economic Journal |
| 906 ## - LOCAL DATA ELEMENT F, LDF (RLIN) |
| Subject DIP |
Economic growth - Bhutan |
| 942 ## - ADDED ENTRY ELEMENTS (KOHA) |
| Source of classification or shelving scheme |
|
| Item type |
Articles |